000 00260nam a2200109Ia 4500
008 190912s9999||||xx |||||||||||||| ||und||
100 _aS.F. Mehmud
245 2 _aA Short History of Islam
260 _aKarachi
_bSupreme Court
_c1995
300 _a258
942 _cBK
999 _c7535
_d7535